| 000 | 00000nam##2200000za#4500 |
| 001 | 9.648284 |
| 003 | CaOODSP |
| 005 | 20210615113023 |
| 007 | ta |
| 008 | 150407|2001||||xxc||||| f|0| 0 eng|d |
| 020 | |a0-662-30954-5 |
| 040 | |aCaOODSP|beng |
| 043 | |an-cn--- |
| 086 | 1 |aH68-52/1998E |
| 110 | 1 |aCanada.|bHealth Canada. |bNational Council of Welfare. |
| 245 | 10|aChild poverty profile, 1998 |
| 260 | |aOttawa - Ontario : |bHealth Canada. |c2001. |
| 300 | |aiv, 61p. : |bgraphs, tables ; |c28 cm. |
| 563 | |aSoftcover |
| 590 | |a01-37|b2001-09-14 |
| 690 | 07|aChild poverty|2gcpds |
| 775 | 08|tProfil de la pauvreté infantile, 1998 |w(CaOODSP)9.681565 |
| 776 | 0#|tChild poverty profile, 1998 |w(CaOODSP)9.696680 |
| 986 | |aVolume #114, National Council of Welfare reports |